20 zufällige Charaktere nach Bildern - Hunter x Hunter - Statistiken

Allgemein
  • Dieses Quiz wurde 57 mal gespielt
  • Das Durchschnittsergebnis liegt bei 8 aus 20
Antwortstatistiken
Bildquiz Antwort % Korrekt
Gon Freecss
100%
Killua Zoldyck
100%
Chrollo Lucilfer
93%
Kurapika
88%
Meruem
86%
Hisoka Morow
83%
Isaac Netero
75%
Neferpitou
75%
Tonpa
75%
Biscuit Krueger
73%
Kite
71%
Leorio Paladinight
71%
Feitan Portor
67%
Ging Freecss
67%
Illumi Zoldyck
67%
Wing
64%
Machi Komacine
57%
Komugi
55%
Razor
55%
Melody
50%
Nobunaga Hazama
50%
Pakunoda
50%
Palm Siberia
50%
Shaiapouf
50%
Alluka Zoldyck / Nanika
46%
Pariston Hill
44%
Zeno Zoldyck
43%
Uvogin
42%
Kalluto Zoldyck
40%
Shizuku Murasaki
38%
Silva Zoldyck
38%
Colt
36%
Shoot McMahon
36%
Leol
33%
Shalnark
33%
Zushi
33%
Beans
29%
Neon Nostrade
29%
Gotoh
27%
Knuckle Bine
27%
Franklin Bordeau
25%
Ponzu
25%
Welfin
25%
Canary
21%
Genthru
21%
Knov
21%
Phinks Magcub
20%
Pokkle
20%
Ikalgo
17%
Königin
17%
Milluki Zoldyck
15%
Mito Freecss
15%
Menthuthuyoupi
14%
Hanzo
13%
Meleoron
11%
Menchi
9%
Amane
0%
Cheadle Yorkshire
0%
Dwun
0%
Morel Mackernasey
0%
Peggy
0%
Reina
0%
Tsubone
0%
Zepile
0%
Keine übereinstimmenden Quizze gefunden
Verteilung der Resultate
Anzahl Personen mit jedem Resultat
Perzentil nach korrekt beantworteten Fragen
Ihre Resultats-Entwicklung
Sie haben dieses Quiz noch nicht gespielt